[Event "Stay Safe Play From Home 157"]
[Site "T#646177Emanuel Laske"]
[Date "2020.05.19"]
[Round "6"]
[White "XShot"]
[Black "Little champs"]
[Result "1-0"]
[WhiteElo "2480"]
[BlackElo "2228"]
[Annotator "TA"]
[PlyCount "143"]
[EventDate "2020.05.19"]
[EventType "swiss (blitz)"]

{[%evp 9,143,-27,-6,-27,-35,-42,-32,-31,-31,-31,-18,-31,31,-50,12,17,20,34,38,19,43,30,41,0,12,20,16,16,32,0,23,29,22,16,30,27,27,22,305,297,298,281,299,300,304,238,283,262,256,253,388,364,400,207,245,-14,-12,-12,123,0,45,46,58,61,62,61,79,44,53,61,81,2,8,0,0,0,0,0,58,-1291,0,0,0,-19,-8,-33,0,0,0,-94,-125,-531,-495,-531,-418,-656,-366,-576,-34,-114,0,0,0,-1940,-2016,-1331,0,-1759,0,-1792,-1666,-29949,-12739,-29974,-272,-29978,-600,-592,0,0,0,0,29974,29972,29986,0,0,-29979,0,-29981,-29979,-29979,29994,29995,29995,29994]} 1. d4 c6 2. Nf3 d5 3. Bg5 Nf6 4. Bxf6 exf6 5. Nc3 {[#]} Be7 $146 ({Predecessor:} 5... f5 6. e3 Nd7 7. Bd3 Nf6 8. O-O Bd6 9. Ne2 O-O 10. c4 dxc4 11. Bxc4 Qe7 12. a3 Be6 13. Bxe6 Qxe6 {½-½ (35) Karagiannis,A (2206)-Murdzia,P (2436) Aghios Kirykos 2017}) 6. e4 {D03: 1 d4 d5 2 Nf3 Nf6 3 Bg5, including Torre Attack with early ...d5.} O-O 7. exd5 cxd5 8. Bd3 {Black is slightly better.} Nc6 9. O-O Bg4 10. Be2 Bh5 (10... Bb4 $15) 11. Nb1 (11. Nh4 $14 Bxe2 12. Qxe2) 11... Bg6 (11... Re8 $15) 12. c3 $11 Rc8 13. Nbd2 Bd6 14. Re1 Re8 15. Nf1 Qc7 16. Bd3 (16. Nh4 {is more complex.} Be4 17. g3 h6 18. Ne3 Ne7 19. f3) 16... Be4 17. Ng3 {[%cal Rg3e4]} Bxg3 18. hxg3 a6 19. a3 Re7 20. Bxe4 dxe4 21. Nd2 Rce8 22. Nf1 $36 {[%mdl 2048] White is more active.} f5 23. Ne3 {Hoping for Nd5.} f4 $2 {[%mdl 8192]} (23... Qd7 $11) 24. Nd5 $18 Qd6 25. Nxe7+ Rxe7 26. gxf4 Qxf4 27. Qc1 Qd6 28. Qe3 f5 29. Rad1 f4 (29... Nd8 $142 30. c4 Nf7) 30. Qe2 Qd5 31. c4 (31. Qg4 $142) 31... Qf5 {intending ...f3.} 32. b4 $2 (32. f3 $18) 32... f3 $11 33. Qf1 Qg4 (33... Qh5 $11 {keeps the balance.} 34. c5 fxg2 35. Qxg2 Re6) 34. g3 ({Better is} 34. d5 $1 $16 {[%cal Rd5c6]} e3 35. fxe3 (35. dxc6 e2 $17 {[%mdl 64] Double Attack})) 34... Re6 35. d5 $1 {[%csl LRc6,LRe6][%mdl 64] Double Attack} Rh6 {( -> ...Qh5)} 36. Rxe4 $1 Qxe4 37. dxc6 bxc6 38. Qd3 (38. Rd8+ {looks sharper.} Kf7 39. Qd1 Rf6 40. c5 h5 41. Rd7+) 38... Qxd3 39. Rxd3 $14 {[%mdl 4096] Endgame KR-KR} Rf6 40. c5 (40. Rd8+ $16 Rf8 41. Rd6) 40... g5 $1 $11 41. g4 Rf4 42. Kh2 Rxg4 43. Rxf3 h6 (43... a5 $11) 44. Rg3 $2 {[%mdl 8192]} (44. Rf6 $14 a5 45. bxa5) 44... Rd4 $2 (44... Rxg3 $1 $19 45. Kxg3 Kf7) 45. Kg2 Kg7 46. Kf3 {[#]} a5 $1 {[%mdl 512]} 47. Ke3 (47. bxa5 Ra4) 47... Rc4 48. Kd3 Rf4 49. Kc3 (49. bxa5 $11 {remains equal.} Ra4 50. Kc3) 49... Rxf2 $17 50. a4 $2 {[%mdl 8192]} (50. bxa5 $17 Rf8 51. Kd4) 50... axb4+ $1 $19 51. Kxb4 Kg6 52. Ka5 (52. a5 $142 Rf4+ 53. Kb3) 52... Ra2 53. Rd3 (53. Kb6 $142 h5 54. Kxc6) 53... h5 $2 (53... g4 $1 $19 54. Rd6+ Kf5 55. Rxh6 g3) 54. Rd6+ $1 $15 Kf5 (54... Kh7 $17 55. Rd7+ Kg6 56. Rd6+ Kg7 57. Rd7+ Kf8 58. Rd8+ Kf7 59. Rd7+ Kg8 60. Rd8+ Kf7 61. Rd7+ Kg8 62. Rd8+ Kf7) 55. Rxc6 $11 g4 56. Rb6 $2 {[%mdl 8192]} (56. Rh6 $11) 56... g3 $19 57. c6 g2 $2 ({Black should try} 57... Rc2 $19 58. Rb5+ Kf6) 58. Rb1 $2 {[%mdl 8192]} (58. c7 $11 Rc2 59. Rb2 $1 {[%mdl 512]}) 58... Rb2 $2 (58... Rc2 $19 59. c7 Rxc7 60. Rb5+ Kg4 61. Rb4+ Kg3 62. Rb3+ Kh2) 59. Rxb2 $4 {[%mdl 8192]} (59. Rc1 $11 Rc2 60. Rxc2) 59... g1=Q {KQ-KR} 60. Rb5+ Ke6 61. Ka6 Qd4 $2 (61... Kd6 62. Rxh5 Qf1+ 63. Kb6 Qf2+ 64. Kb7 Qf7+ 65. c7 Qxc7+ 66. Ka6 Qc4+ 67. Kb6 Qd4+ 68. Kb5 Qb2+ 69. Ka5 Qd2+ 70. Kb6 Qf2+ 71. Ka5 Qd2+ 72. Kb6 Qf2+ 73. Ka5 Qd2+) 62. Rb6 $2 (62. Kb7 $19 Qxa4 63. Rxh5 Qb4+ 64. Kc7) 62... Kd6 (62... Qxa4+ $142 63. Kb7 Qc2 64. Kc7 h4 65. Rb4 Qc5 $1 {[%mdl 512]} 66. Rb3 Qa7+ 67. Rb7 Qa5+ 68. Kb8 Qd8+ 69. Ka7 Kd6 70. Rh7 Kxc6 71. Rh6+ Qd6 $1 {[%mdl 512]} 72. Rxd6+ Kxd6 73. Kb6 h3 74. Kb5 h2 75. Ka5 h1=Q 76. Kb4 Qe1+ 77. Kc4 Qd2 78. Kb5 Qd3+ 79. Kb6 Qb1+ 80. Ka5 Kc5 81. Ka6 Qb6#) 63. Kb7 {[#] Strongly threatening c7+.} Qc5 $2 {[#]} ({Black should play} 63... Qh8 $1 $19 {...h4 is the strong threat.} 64. a5 h4) 64. a5 $1 $11 {[%cal Ba4a5,Ba5a6,Ba6a7][%mdl 544] And now a6 would win.} Qd5 (64... h4 $5 65. a6 $8 h3 $11) (64... Qxa5 65. c7+) 65. a6 {Threatens to win with a7.} h4 $2 {[%mdl 8192]} (65... Kc5 $11) 66. a7 Qf7+ 67. Ka6 $2 (67. c7+ $1 Kc5 68. Rc6+ Kd4 69. a8=Q Qb3+ 70. Rb6 Qd5+ 71. Kb8 Qf7 72. Rb4+ Ke5 73. c8=Q) 67... Qe8 {aiming for ...Kc7.} 68. c7+ $2 {[%mdl 8192]} (68. Kb7 $11 Kc5 69. c7 Qe4+ 70. Kb8 Kxb6 71. c8=Q Qf4+ 72. Ka8 Qf3+ 73. Kb8 Qg3+ 74. Ka8 Qg2+ 75. Kb8 Qh2+ 76. Ka8 Qg2+ 77. Kb8 Qh2+ 78. Ka8 Qg2+) 68... Kd7 $2 (68... Kxc7 {mates} 69. Rb7+ Kc6 70. Re7 Qc8+ 71. Ka5 {[#]} Qb7 $1 {[%mdl 512]} 72. Rxb7 Kxb7 73. Kb4 h3 74. a8=R Kxa8 75. Kc5 h2 76. Kd4 h1=Q 77. Ke3 Kb7 78. Ke2 Qh3 79. Kf2 Kc6 80. Kg1 Kc5 81. Kf2 Kd4 82. Kg1 Kd3 83. Kf2 Qg4 84. Kf1 Ke3 85. Ke1 Qg1#) 69. Rb7 $2 {[%mdl 8192] [#]} (69. Rb8 $11 Qe6+ 70. Kb5 Qe5+ 71. Kb4 Qd6+ 72. Kb5 Qd5+ 73. Ka4 Qc4+ 74. Ka3 Qa6+ 75. Kb2 Qe2+ 76. Kc3 Qf3+ 77. Kb4 Qg4+ 78. Ka3 Qh3+ 79. Kb4 Qg4+ 80. Ka3 Qh3+ 81. Kb4 Qg4+) 69... Qc8 $1 70. Kb6 Qxc7+ $4 {[%mdl 8192]} (70... h3 {avoids the disaster.} 71. Rb8 Qxc7+ 72. Ka6 Qc6+ 73. Ka5 h2 74. a8=Q Qxa8+ 75. Rxa8 h1=Q 76. Rb8 Qa1+ 77. Kb6 Qd4+ 78. Kb7 Qe5 79. Ka7 Qd4+ 80. Kb7 Qe5 81. Ka7 Kc7 82. Rb7+ Kc8 83. Ka6 Qa1+ 84. Kb6 Qb2+ 85. Kc5 Kxb7 86. Kd6 Qe2 87. Kd5 Qe3 88. Kd6 Qe4 89. Kc5 Qd3 90. Kb4 Kc6 91. Ka4 Kc5 92. Ka5 Qb5#) 71. Rxc7+ Kd6 72. Rc6+ {A wild game. Accuracy: White = 46%, Black = 53%.} 1-0

[Event "Stay Safe Play From Home 157"]
[Site "T#646177Emanuel Laske"]
[Date "2020.05.19"]
[Round "6"]
[White "Mepe_Nika"]
[Black "Weltszmerc"]
[Result "1-0"]
[WhiteElo "2245"]
[BlackElo "2047"]
[PlyCount "63"]
[EventDate "2020.05.19"]
[EventType "swiss (blitz)"]

1. e4 {[%emt 0:00:01]} Nf6 {[%emt 0:00:00]} 2. Nc3 {[%emt 0:00:02]} d5 {[%emt 0:00:01]} 3. e5 {[%emt 0:00:00]} Nfd7 {[%emt 0:00:01]} 4. f4 {[%emt 0:00:01]} e6 {[%emt 0:00:00]} 5. Nf3 {[%emt 0:00:01]} c5 {[%emt 0:00:00]} 6. d4 {[%emt 0:00:01]} f6 {[%emt 0:00:01]} 7. Bd3 {[%emt 0:00:03]} cxd4 {[%emt 0:00:02]} 8. Nxd4 {[%emt 0:00:01]} Nc5 {[%emt 0:00:01]} 9. Qh5+ {[%emt 0:00:02]} g6 {[%emt 0:00:03]} 10. Bxg6+ {[%emt 0:00:01]} hxg6 {[%emt 0:00:01]} 11. Qxh8 {[%emt 0:00:01]} fxe5 {[%emt 0:00:02]} 12. fxe5 {[%emt 0:00:01]} Nc6 {[%emt 0:00:01]} 13. O-O {[%emt 0:00:01]} Qe7 {[%emt 0:00:01]} 14. Bh6 {[%emt 0:00:03]} Kd7 {[%emt 0:00:02]} 15. Bxf8 {[%emt 0:00:02]} Qe8 {[%emt 0:00:01]} 16. Qg7+ {[%emt 0:00:02]} Kd8 {[%emt 0:00:01]} 17. Nxc6+ {[%emt 0:00:03]} bxc6 {[%emt 0:00:01]} 18. Bxc5 {[%emt 0:00:01]} Bd7 {[%emt 0:00:01]} 19. Rf8 {[%emt 0:00:01]} Kc7 {[%emt 0:00:00]} 20. Rxe8 {[%emt 0:00:01]} Rxe8 {[%emt 0:00:00]} 21. Bd6+ {[%emt 0:00:00]} Kc8 {[%emt 0:00:01]} 22. Rf1 {[%emt 0:00:01]} d4 {[%emt 0:00:02]} 23. Rf8 {[%emt 0:00:01]} Rxf8 {[%emt 0:00:04]} 24. Qxf8+ {[%emt 0:00:01]} Kb7 {[%emt 0:00:00]} 25. Na4 {[%emt 0:00:01]} c5 {[%emt 0:00:02]} 26. Nxc5+ {[%emt 0:00:01]} Kc6 {[%emt 0:00:00]} 27. Qb8 {[%emt 0:00:01]} Kd5 {[%emt 0:00:03]} 28. Qxa7 {[%emt 0:00:01]} Bc6 {[%emt 0:00:02]} 29. Nd3 {[%emt 0:00:01]} Ke4 {[%emt 0:00:01]} 30. Kf2 {[%emt 0:00:01]} Bd5 {[%emt 0:00:01]} 31. Qf7 {[%emt 0:00:01]} Bxa2 {[%emt 0:00:02]} 32. Qf3# {[%emt 0:00:01] (Lag: Av=0.53s, max=0.6s)} 1-0

[Event "Stay Safe Play From Home 157"]
[Site "T#646177Emanuel Laske"]
[Date "2020.05.19"]
[Round "6"]
[White "Toosieslide"]
[Black "Lamborghini"]
[Result "1-0"]
[WhiteElo "2159"]
[BlackElo "2337"]
[PlyCount "75"]
[EventDate "2020.05.19"]
[EventType "swiss (blitz)"]

1. d4 {[%emt 0:00:02]} Nf6 {[%emt 0:00:02]} 2. c4 {[%emt 0:00:00]} g6 {[%emt 0:00:00]} 3. Nc3 {[%emt 0:00:00]} Bg7 {[%emt 0:00:00]} 4. e4 {[%emt 0:00:00]} O-O {[%emt 0:00:00]} 5. e5 {[%emt 0:00:00]} Ne8 {[%emt 0:00:01]} 6. f4 {[%emt 0:00:00]} d6 {[%emt 0:00:00]} 7. Nf3 {[%emt 0:00:00]} c5 {[%emt 0:00:01]} 8. dxc5 {[%emt 0:00:02]} Nc6 {[%emt 0:00:02]} 9. cxd6 {[%emt 0:00:01]} exd6 {[%emt 0:00:01]} 10. Be2 {[%emt 0:00:00]} Be6 {[%emt 0:00:03]} 11. exd6 {[%emt 0:00:03]} Nxd6 {[%emt 0:00:01]} 12. O-O {[%emt 0:00:01]} Nxc4 {[%emt 0:00:01]} 13. Qc2 {[%emt 0:00:01]} Qb6+ {[%emt 0:00:01]} 14. Kh1 {[%emt 0:00:03]} Ne3 {[%emt 0:00:01]} 15. Bxe3 {[%emt 0:00:01]} Qxe3 {[%emt 0:00:00]} 16. Qd3 {[%emt 0:00:03]} Qxd3 {[%emt 0:00:01]} 17. Bxd3 {[%emt 0:00:01]} Rad8 {[%emt 0:00:00]} 18. Be4 {[%emt 0:00:01]} h6 {[%emt 0:00:03]} 19. Bxc6 {[%emt 0:00:01]} bxc6 {[%emt 0:00:01]} 20. Rac1 {[%emt 0:00:00]} Rb8 {[%emt 0:00:03]} 21. b3 {[%emt 0:00:01]} Rfd8 {[%emt 0:00:01]} 22. Na4 {[%emt 0:00:01]} Bd5 {[%emt 0:00:01]} 23. Ne5 {[%emt 0:00:02]} Rbc8 {[%emt 0:00:03]} 24. Rfe1 {[%emt 0:00:03]} Bf6 {[%emt 0:00:02]} 25. h3 {[%emt 0:00:01]} Kg7 {[%emt 0:00:01]} 26. Kh2 {[%emt 0:00:01]} g5 {[%emt 0:00:00]} 27. Ng4 {[%emt 0:00:03]} gxf4 {[%emt 0:00:03]} 28. Nxf6 {[%emt 0:00:01]} Kxf6 {[%emt 0:00:00]} 29. Rf1 {[%emt 0:00:00]} Kg5 {[%emt 0:00:01]} 30. h4+ {[%emt 0:00:02]} Kg4 {[%emt 0:00:01]} 31. Nc5 {[%emt 0:00:01]} Re8 {[%emt 0:00:01]} 32. Nd3 {[%emt 0:00:01]} Re4 {[%emt 0:00:02]} 33. Nf2+ {[%emt 0:00:01]} Kxh4 {[%emt 0:00:02]} 34. Nxe4 {[%emt 0:00:00]} Kg4 {[%emt 0:00:02]} 35. Nf6+ {[%emt 0:00:02]} Kf5 {[%emt 0:00:01]} 36. Nxd5 {[%emt 0:00:00]} Rg8 {[%emt 0:00:01]} 37. Ne7+ {[%emt 0:00:01]} Ke6 {[%emt 0:00:01]} 38. Nxg8 {[%emt 0:00:00] Lamborghini gibt auf (Lag: Av=0.62s, max=1.4s)} 1-0

[Event "Stay Safe Play From Home 157"]
[Site "T#646177Emanuel Laske"]
[Date "2020.05.19"]
[Round "6"]
[White "SoulofWolf"]
[Black "BrainThinker22"]
[Result "0-1"]
[WhiteElo "2156"]
[BlackElo "2224"]
[Annotator "NA"]
[PlyCount "70"]
[EventDate "2020.05.19"]
[EventType "swiss (blitz)"]

1. c4 {[%emt 0:00:01]} e5 {[%emt 0:00:01]} 2. Nc3 {[%emt 0:00:00]} Nc6 {[%emt 0:00:00]} 3. e3 {[%emt 0:00:00]} g6 {[%emt 0:00:00]} 4. d4 {[%emt 0:00:01]} Bg7 {[%emt 0:00:00]} 5. d5 {[%emt 0:00:00]} Nce7 {[%emt 0:00:01]} 6. g3 {[%emt 0:00:01]} d6 {[%emt 0:00:00]} 7. Bg2 {[%emt 0:00:00]} h6 {[%emt 0:00:00]} 8. Nge2 {[%emt 0:00:00]} f5 {[%emt 0:00:01]} 9. h4 {[%emt 0:00:00]} Nf6 {[%emt 0:00:00]} 10. O-O {[%emt 0:00:00]} O-O {[%emt 0:00:00]} 11. Bd2 {[%emt 0:00:00]} Bd7 {[%emt 0:00:00]} 12. Qc1 {[%emt 0:00:00]} c6 {[%emt 0:00:00]} 13. f3 {[%emt 0:00:01]} Kh7 {[%emt 0:00:01]} 14. e4 {[%emt 0:00:01]} Rc8 {[%emt 0:00:00]} 15. b3 {[%emt 0:00:02]} cxd5 {[%emt 0:00:01]} 16. Nxd5 {[%emt 0:00:00]} Nexd5 {[%emt 0:00:01]} 17. exd5 {[%emt 0:00:01]} Nxd5 {[%emt 0:00:00]} 18. Qd1 {[%emt 0:00:03]} Nf6 {[%emt 0:00:01]} 19. Rc1 {[%emt 0:00:00]} Bc6 {[%emt 0:00:00]} 20. Bc3 {[%emt 0:00:01]} Qe7 {[%emt 0:00:01]} 21. Qc2 {[%emt 0:00:01]} d5 {[%emt 0:00:01]} 22. cxd5 {[%emt 0:00:01]} Nxd5 {[%emt 0:00:00]} 23. Qb2 {[%emt 0:00:01]} Ne3 {[%emt 0:00:01]} 24. Bd2 {[%emt 0:00:00]} Nxf1 {[%emt 0:00:01]} 25. Rxf1 {[%emt 0:00:00]} e4 {[%emt 0:00:00]} 26. Bc3 {[%emt 0:00:00]} Bxc3 {[%emt 0:00:01]} 27. Qxc3 {[%emt 0:00:00]} exf3 {[%emt 0:00:00]} 28. Bxf3 {[%emt 0:00:01]} Bxf3 {[%emt 0:00:01]} 29. Qxf3 {[%emt 0:00:00]} Rc2 {[%emt 0:00:01]} 30. Nf4 {[%emt 0:00:01]} Rd8 {[%emt 0:00:07]} 31. h5 {[%emt 0:00:03]} g5 {[%emt 0:00:02]} 32. Ng6 {[%emt 0:00:00]} Qc7 {[%emt 0:00:06]} 33. Qe3 {[%emt 0:00:10]} Rdd2 {[%emt 0:00:03]} 34. Qf3 {[%emt 0:00:07]} Qc5+ {[%emt 0:00:06]} 35. Kh1 {[%emt 0:00:05]} Rh2# {[%emt 0:00:02] (Lag: Av=0.40s, max=0.7s)} 0-1

[Event "Stay Safe Play From Home 157"]
[Site "T#646177Emanuel Laske"]
[Date "2020.05.19"]
[Round "6"]
[White "Fischer_11"]
[Black "SecantFX"]
[Result "1-0"]
[WhiteElo "2151"]
[BlackElo "1946"]
[Annotator "NA"]
[PlyCount "135"]
[EventDate "2020.05.19"]
[EventType "swiss (blitz)"]

1. e3 {[%emt 0:00:02]} b6 {[%emt 0:00:00]} 2. e4 {[%emt 0:00:01]} Bb7 {[%emt 0:00:00]} 3. Nc3 {[%emt 0:00:02]} c6 {[%emt 0:00:00]} 4. d4 {[%emt 0:00:00]} e6 {[%emt 0:00:00]} 5. Bd3 {[%emt 0:00:00]} g6 {[%emt 0:00:00]} 6. Qe2 {[%emt 0:00:00]} Bg7 {[%emt 0:00:00]} 7. Nf3 {[%emt 0:00:01]} Ne7 {[%emt 0:00:00]} 8. O-O {[%emt 0:00:00]} O-O {[%emt 0:00:00]} 9. Re1 {[%emt 0:00:00]} f5 {[%emt 0:00:01]} 10. e5 {[%emt 0:00:00]} c5 {[%emt 0:00:01]} 11. dxc5 {[%emt 0:00:01]} bxc5 {[%emt 0:00:01]} 12. Nb5 {[%emt 0:00:01]} Nc8 {[%emt 0:00:01]} 13. Bf4 {[%emt 0:00:05]} a6 {[%emt 0:00:01]} 14. Nd6 {[%emt 0:00:01]} Nxd6 {[%emt 0:00:01]} 15. exd6 {[%emt 0:00:00]} Nc6 {[%emt 0:00:01]} 16. Ne5 {[%emt 0:00:01]} Nxe5 {[%emt 0:00:01]} 17. Bxe5 {[%emt 0:00:00]} Bxe5 {[%emt 0:00:01]} 18. Qxe5 {[%emt 0:00:01]} Qb6 {[%emt 0:00:02]} 19. b3 {[%emt 0:00:01]} Rac8 {[%emt 0:00:02]} 20. a4 {[%emt 0:00:02]} Bd5 {[%emt 0:00:01]} 21. Qe2 {[%emt 0:00:01]} Qxd6 {[%emt 0:00:01]} 22. Bxa6 {[%emt 0:00:01]} Rb8 {[%emt 0:00:02]} 23. Bc4 {[%emt 0:00:01]} Qc6 {[%emt 0:00:02]} 24. Bxd5 {[%emt 0:00:01]} Qxd5 {[%emt 0:00:00]} 25. Rad1 {[%emt 0:00:01]} Qc6 {[%emt 0:00:00]} 26. Qe5 {[%emt 0:00:02]} Rbd8 {[%emt 0:00:02]} 27. Qd6 {[%emt 0:00:01]} Qxd6 {[%emt 0:00:01]} 28. Rxd6 {[%emt 0:00:00]} Rf7 {[%emt 0:00:00]} 29. Rexe6 {[%emt 0:00:02]} dxe6 {[%emt 0:00:03]} 30. Rxd8+ {[%emt 0:00:00]} Kg7 {[%emt 0:00:00]} 31. Rc8 {[%emt 0:00:01]} c4 {[%emt 0:00:02]} 32. Rxc4 {[%emt 0:00:01]} e5 {[%emt 0:00:01]} 33. f3 {[%emt 0:00:01]} Kf6 {[%emt 0:00:01]} 34. Kf2 {[%emt 0:00:00]} h5 {[%emt 0:00:01]} 35. a5 {[%emt 0:00:01]} Ra7 {[%emt 0:00:01]} 36. b4 {[%emt 0:00:01]} Ke6 {[%emt 0:00:00]} 37. c3 {[%emt 0:00:01]} Kd5 {[%emt 0:00:00]} 38. Rc5+ {[%emt 0:00:00]} Kd6 {[%emt 0:00:01]} 39. Rb5 {[%emt 0:00:01]} Kc6 {[%emt 0:00:01]} 40. Rb6+ {[%emt 0:00:01]} Kd5 {[%emt 0:00:00]} 41. Rxg6 {[%emt 0:00:03]} Rc7 {[%emt 0:00:01]} 42. Rg5 {[%emt 0:00:00]} Ke6 {[%emt 0:00:01]} 43. b5 {[%emt 0:00:05]} Rxc3 {[%emt 0:00:01]} 44. b6 {[%emt 0:00:01]} Kf6 {[%emt 0:00:02]} 45. Rxh5 {[%emt 0:00:01]} Kg6 {[%emt 0:00:00]} 46. Rh8 {[%emt 0:00:02]} Kg7 {[%emt 0:00:01]} 47. Rd8 {[%emt 0:00:02]} f4 {[%emt 0:00:01]} 48. b7 {[%emt 0:00:01]} Rc2+ {[%emt 0:00:01]} 49. Ke1 {[%emt 0:00:01]} Rc1+ {[%emt 0:00:01]} 50. Kd2 {[%emt 0:00:01]} Rb1 {[%emt 0:00:00]} 51. b8=Q {[%emt 0:00:00]} Rxb8 {[%emt 0:00:01]} 52. Rxb8 {[%emt 0:00:00]} Kf6 {[%emt 0:00:00]} 53. Rb5 {[%emt 0:00:00]} Kf5 {[%emt 0:00:00]} 54. Rxe5+ {[%emt 0:00:01]} Kxe5 {[%emt 0:00:01]} 55. a6 {[%emt 0:00:00]} Kd5 {[%emt 0:00:01]} 56. a7 {[%emt 0:00:00]} Ke5 {[%emt 0:00:00]} 57. a8=Q {[%emt 0:00:00]} Kf5 {[%emt 0:00:00]} 58. Qe4+ {[%emt 0:00:00]} Kg5 {[%emt 0:00:00]} 59. Qe5+ {[%emt 0:00:00]} Kh4 {[%emt 0:00:01]} 60. Qxf4+ {[%emt 0:00:00]} Kh5 {[%emt 0:00:01]} 61. g3 {[%emt 0:00:00]} Kg6 {[%emt 0:00:00]} 62. h3 {[%emt 0:00:00]} Kh5 {[%emt 0:00:00]} 63. Ke3 {[%emt 0:00:01]} Kg6 {[%emt 0:00:00]} 64. Ke4 {[%emt 0:00:00]} Kh5 {[%emt 0:00:02]} 65. Qg4+ {[%emt 0:00:00]} Kh6 {[%emt 0:00:01]} 66. Kf5 {[%emt 0:00:00]} Kh7 {[%emt 0:00:01]} 67. Kf6 {[%emt 0:00:00]} Kh8 {[%emt 0:00:00]} 68. Qg7# {[%emt 0:00:00] (Lag: Av=0.37s, max=1.1s)} 1-0

[Event "Stay Safe Play From Home 157"]
[Site "T#646177Emanuel Laske"]
[Date "2020.05.19"]
[Round "6"]
[White "Aditya_dpawn"]
[Black "Lazieri3"]
[Result "0-1"]
[WhiteElo "1946"]
[BlackElo "2088"]
[Annotator "NA"]
[PlyCount "54"]
[EventDate "2020.05.19"]
[EventType "swiss (blitz)"]

1. e4 {[%emt 0:00:08]} c6 {[%emt 0:00:00]} 2. d4 {[%emt 0:00:02]} d5 {[%emt 0:00:00]} 3. e5 {[%emt 0:00:00]} Bf5 {[%emt 0:00:01]} 4. h4 {[%emt 0:00:00]} h5 {[%emt 0:00:01]} 5. Bd3 {[%emt 0:00:01]} Bxd3 {[%emt 0:00:01]} 6. Qxd3 {[%emt 0:00:00]} e6 {[%emt 0:00:00]} 7. Nf3 {[%emt 0:00:01]} Be7 {[%emt 0:00:01]} 8. Bg5 {[%emt 0:00:01]} Nh6 {[%emt 0:00:01]} 9. Bxh6 {[%emt 0:00:03]} Rxh6 {[%emt 0:00:01]} 10. Nbd2 {[%emt 0:00:01]} Nd7 {[%emt 0:00:03]} 11. O-O-O {[%emt 0:00:02]} Qb6 {[%emt 0:00:02]} 12. Kb1 {[%emt 0:00:01]} O-O-O {[%emt 0:00:02]} 13. Nb3 {[%emt 0:00:02]} c5 {[%emt 0:00:01]} 14. dxc5 {[%emt 0:00:01]} Nxc5 {[%emt 0:00:00]} 15. Nxc5 {[%emt 0:00:01]} Bxc5 {[%emt 0:00:02]} 16. Ng5 {[%emt 0:00:00]} Rd7 {[%emt 0:00:02]} 17. f4 {[%emt 0:00:03]} g6 {[%emt 0:00:03]} 18. Qf3 {[%emt 0:00:04]} Rh8 {[%emt 0:00:02]} 19. Rd3 {[%emt 0:00:01]} Kb8 {[%emt 0:00:01]} 20. Rb3 {[%emt 0:00:01]} Qa6 {[%emt 0:00:01]} 21. Rd1 {[%emt 0:00:02]} Rc8 {[%emt 0:00:01]} 22. Rc3 {[%emt 0:00:06]} Rdc7 {[%emt 0:00:02]} 23. g4 {[%emt 0:00:02]} hxg4 {[%emt 0:00:01]} 24. Qxg4 {[%emt 0:00:00]} Qb6 {[%emt 0:00:06]} 25. h5 {[%emt 0:00:02]} Bb4 {[%emt 0:00:05]} 26. Rxc7 {[%emt 0:00:02]} Qxc7 {[%emt 0:00:00]} 27. hxg6 {[%emt 0:00:00]} Qxc2+ {[%emt 0:00:02] Aditya_dpawn resigns (Lag: Av=0.58s, max=1.3s)} 0-1

[Event "Stay Safe Play From Home 157"]
[Site "T#646177Emanuel Laske"]
[Date "2020.05.19"]
[Round "6"]
[White "Ionutn28"]
[Black "Trotsky"]
[Result "1-0"]
[WhiteElo "1750"]
[BlackElo "1547"]
[Annotator "NA"]
[PlyCount "75"]
[EventDate "2020.05.19"]
[EventType "swiss (blitz)"]

1. e4 {[%emt 0:00:01]} c5 {[%emt 0:00:01]} 2. c3 {[%emt 0:00:02]} e6 {[%emt 0:00:00]} 3. d4 {[%emt 0:00:00]} d5 {[%emt 0:00:01]} 4. exd5 {[%emt 0:00:01]} exd5 {[%emt 0:00:01]} 5. Nf3 {[%emt 0:00:00]} Be6 {[%emt 0:00:01]} 6. Bd3 {[%emt 0:00:01]} Nc6 {[%emt 0:00:01]} 7. O-O {[%emt 0:00:00]} c4 {[%emt 0:00:01]} 8. Bc2 {[%emt 0:00:01]} Bd6 {[%emt 0:00:01]} 9. Bg5 {[%emt 0:00:02]} f6 {[%emt 0:00:01]} 10. Bh4 {[%emt 0:00:01]} Qc7 {[%emt 0:00:01]} 11. Bg3 {[%emt 0:00:01]} O-O-O {[%emt 0:00:01]} 12. Re1 {[%emt 0:00:05]} Bd7 {[%emt 0:00:05]} 13. Bxd6 {[%emt 0:00:01]} Qxd6 {[%emt 0:00:01]} 14. b4 {[%emt 0:00:00]} h5 {[%emt 0:00:01]} 15. a4 {[%emt 0:00:01]} Nh6 {[%emt 0:00:01]} 16. b5 {[%emt 0:00:00]} Ng4 {[%emt 0:00:01]} 17. bxc6 {[%emt 0:00:03]} Bxc6 {[%emt 0:00:02]} 18. h3 {[%emt 0:00:01]} g5 {[%emt 0:00:01]} 19. Bf5+ {[%emt 0:00:02]} Kb8 {[%emt 0:00:01]} 20. hxg4 {[%emt 0:00:01]} hxg4 {[%emt 0:00:01]} 21. Bxg4 {[%emt 0:00:00]} f5 {[%emt 0:00:04]} 22. Bxf5 {[%emt 0:00:02]} Rdf8 {[%emt 0:00:01]} 23. Qc2 {[%emt 0:00:08]} Qf4 {[%emt 0:00:03]} 24. Be6 {[%emt 0:00:09]} g4 {[%emt 0:00:03]} 25. Bxg4 {[%emt 0:00:01]} Qxg4 {[%emt 0:00:01]} 26. Qe2 {[%emt 0:00:02]} Rh3 {[%emt 0:00:04]} 27. Qe5+ {[%emt 0:00:03]} Kc8 {[%emt 0:00:09]} 28. Qe6+ {[%emt 0:00:01]} Bd7 {[%emt 0:00:02]} 29. Qxg4 {[%emt 0:00:01]} Bxg4 {[%emt 0:00:01]} 30. gxh3 {[%emt 0:00:00]} Bxf3 {[%emt 0:00:01]} 31. Re3 {[%emt 0:00:01]} Rg8+ {[%emt 0:00:01]} 32. Kf1 {[%emt 0:00:01]} Bh5 {[%emt 0:00:02]} 33. Ke1 {[%emt 0:00:01]} Kc7 {[%emt 0:00:01]} 34. Kd2 {[%emt 0:00:01]} b6 {[%emt 0:00:01]} 35. Na3 {[%emt 0:00:00]} Kb7 {[%emt 0:00:01]} 36. Nb5 {[%emt 0:00:00]} Ka6 {[%emt 0:00:01]} 37. Re7 {[%emt 0:00:00]} Ka5 {[%emt 0:00:01]} 38. Rxa7# {[%emt 0:00:00] (Lag: Av=0.41s, max=0.8s)} 1-0